000
00334nam a22001577a 4500
003
SGT
020
_a
978-93-80316-71-0
082
_a
611
_b
TAN
100
_a
TANDON, B.K.
245
_a
HUMAN EMBRYOLOGY
250
_a
3RD
260
_a
INDIA
_b
AHUJA PUB.
_c
2019
300
_a
251
650
_a
HUMAN EMBRYOLOGY
942
_2
ddc
_c
BK
999
_c
32873
_d
32873